| 000 -LEADER |
| fixed length control field |
01030cam a2200241 i 4500 |
| 003 - CONTROL NUMBER IDENTIFIER |
| control field |
OSt |
| 005 - DATE AND TIME OF LATEST TRANSACTION |
| control field |
20200518142617.0 |
| 008 - FIXED-LENGTH DATA ELEMENTS--GENERAL INFORMATION |
| fixed length control field |
150827s2016 nju 001 0 eng |
| 010 ## - LIBRARY OF CONGRESS CONTROL NUMBER |
| LC control number |
2015033558 |
| 020 ## - INTERNATIONAL STANDARD BOOK NUMBER |
| International Standard Book Number |
9781118881996 (paperback) |
| 082 00 - DEWEY DECIMAL CLASSIFICATION NUMBER |
| Classification number |
720ALL |
| Edition number |
23 |
| 100 1# - MAIN ENTRY--PERSONAL NAME |
| Personal name |
Allen, Edward, |
| Dates associated with a name |
1938- |
| Relator term |
author. |
| 245 10 - TITLE STATEMENT |
| Title |
Architectural detailing : |
| Remainder of title |
function, constructibility, aesthetics / |
| Statement of responsibility, etc |
Edward Allen and Patrick Rand. |
| 250 ## - EDITION STATEMENT |
| Edition statement |
Third edition. |
| 300 ## - PHYSICAL DESCRIPTION |
| Extent |
xiii, 363 pages ; |
| Dimensions |
28 cm |
| 500 ## - GENERAL NOTE |
| General note |
Includes index. |
| 520 ## - SUMMARY, ETC. |
| Summary, etc |
"Reviews recent built works and extract underlying principles that can be the basis for new patterns or for additional aspects of existing patterns"-- |
| 650 #0 - SUBJECT ADDED ENTRY--TOPICAL TERM |
| Topical term or geographic name as entry element |
Architecture |
| General subdivision |
Details. |
| 650 #7 - SUBJECT ADDED ENTRY--TOPICAL TERM |
| Topical term or geographic name as entry element |
ARCHITECTURE / Design, Drafting, Drawing & Presentation. |
| Source of heading or term |
bisacsh |
| 700 1# - ADDED ENTRY--PERSONAL NAME |
| Personal name |
Rand, Patrick, |
| Dates associated with a name |
1950- |
| Relator term |
author. |
| 776 08 - ADDITIONAL PHYSICAL FORM ENTRY |
| Display text |
Online version: |
| Main entry heading |
Allen, Edward, 1938- author. |
| Title |
Architectural detailing |
| Edition |
Third edition. |
| Place, publisher, and date of publication |
Hoboken : Wiley, 2016 |
| International Standard Book Number |
9781118882504 |
| Record control number |
(DLC) 2015034774 |
| 942 ## - ADDED ENTRY ELEMENTS (KOHA) |
| Source of classification or shelving scheme |
|